| 000 | 01742nam0a22003251 4500 | ||
|---|---|---|---|
| 001 | v19\rc\1765692 | ||
| 005 | 20260406172656.0 | ||
| 035 | _a(NLR Aleph) 004896910 | ||
| 090 |
_a5331577 _c5331577 |
||
| 100 | _a20061204d1903 |||y0rusy50 ca | ||
| 101 | 0 | _arus | |
| 102 | _aRU | ||
| 105 | _ay z ||||| | ||
| 200 | 1 |
_aУстав С.-Петербургского общества попечения о больных бугорчаткой _eУтв. 12 янв. 1904 г. |
|
| 210 |
_a[Санкт-Петербург] _dценз. 1903 |
||
| 215 |
_a8 с. _d22 |
||
| 309 | _aБез тит. л. и обл. | ||
| 311 | _aПрил. к "Журн. Русского о-ва" охранения нар. здравия", 1903, № 11/12 | ||
| 316 |
_aЭкз. РНБ (1/434): приплетено... _5NLR: 1/434 |
||
| 422 | 0 |
_12001#$aЖурнал Русского общества охранения народного здравия$v1903, № 11/12 _tЖурнал Русского общества охранения народного здравия |
|
| 482 | 0 |
_12001#$aЖурнал Русского общества охранения народного здравия$v1903, № 11/12 _tЖурнал Русского общества охранения народного здравия |
|
| 532 | 1 | 2 | _aУстав Санкт-Петербургского общества попечения о больных бугорчаткой |
| 710 | 0 | 2 |
_aПетербургское общество борьбы с бугорчаткой _3RU\NLR\AUTH\889940274 _9375408 |
| 801 | 0 |
_aRU _bNLR _gpsbo |
|
| 801 | 0 |
_aRU _bRuMoRGB _2psbo |
|
| 801 | 1 |
_aRU _bProSoft-M _2rusmarc |
|
| 852 |
_aNLR _j1/434 |
||
| 899 |
_aRuMoRGB _jO 23/311 |
||
| 942 | _cBOOK | ||
| 980 | _aNB | ||